00610nam a22002177a 4500003000500000005001700005008004100022010001000063011001000073035001000083040000900093082001500102100001800117245006600135260003900201300003000240490003700270650002400307650002400331830003700355CHAP20220329140640.0971013s1968 r 00010 d a55343 a56315 a60468 cCHAP a946.01bS300aSavory, H. N. aSpain and Portugalb: the prehistoty of the Iberian peninsula aLondon :bThames and Hudson,c1968 a324 p.b: ilus. ; láms. aAncient peoples and placesv; 6114aEspañaxHistoria.14aPortugalxHistoria.0 aAncient peoples and placesv; 61